书目信息 |
| 题名: |
干细胞理论与技术
|
|
| 作者: | 王廷华 , 羊惠君 , 麦克唐纳 主编 | |
| 分册: | ||
| 出版信息: | 北京 科学出版社 2005 |
|
| 页数: | 201页 | |
| 开本: | 26cm | |
| 丛书名: | 21世纪生物技术丛书 | |
| 单 册: | ||
| 中图分类: | Q24 | |
| 科图分类: | ||
| 主题词: | 干细胞--研究 , 干细胞 | |
| 电子资源: | ||
| ISBN: | 7-03-014647-6 | |
| 000 | 01155nam0 2200301 450 | |
| 000 | 01162nam0 2200301 450 | |
| 000 | 01096nam0 2200277 450 | |
| 000 | 01059nam0 2200265 45 | |
| 005 | 20070528132938.54 | |
| 010 | @a7-03-014647-6@dCNY39.80 | |
| 100 | @a20070418d2005 em y0chiy0120 ea | |
| 101 | 1 | @achi@ceng |
| 102 | @aCN@b110000 | |
| 105 | @ay z 000yy | |
| 200 | 1 | @a干细胞理论与技术@AGan Xi Bao Li Lun Yu Ji Shu@f王廷华,羊惠君,[美]John W. McDonald主编@FWang Ting Hua, Yang Hui Jun, [ Mei ]John W. McDonald Zhu Bian |
| 210 | @a北京@c科学出版社@d2005 | |
| 215 | @a201页@c彩图(14页)@d26cm | |
| 225 | 2 | @a21世纪生物技术丛书 |
| 330 | @a本书介绍胚胎干细胞、神经干细胞、造血干细胞、骨髓间充质干细胞、视网膜干细胞和其他成体干细胞的研究进展,并对干细胞的组织工程学、人类胚胎干细胞研究及伦理问题进行了介绍。 | |
| 410 | 0 | @12001 @a21世纪生物技术丛书 |
| 606 | 0 | @a干细胞@x研究 |
| 606 | 0 | @a干细胞 |
| 690 | @aQ24@v4 | |
| 701 | 0 | @a王廷华@AWang Ting Hua@4主编 |
| 701 | 0 | @a羊惠君@AYang Hui Jun@4主编 |
| 701 | 1 | @c(美)@a麦克唐纳@AMai Ke Tang Na@g(McDonald, John W.)@4主编 |
| 801 | 0 | @aCN@bTAOJIN@c20070528 |
| 905 | @a10447@dQ24@e29 | |
| 干细胞理论与技术/王廷华,羊惠君,[美]John W. McDonald主编.-北京:科学出版社,2005 |
| 201页:彩图(14页);26cm.-(21世纪生物技术丛书 ) |
| ISBN 7-03-014647-6:CNY39.80 |
| 本书介绍胚胎干细胞、神经干细胞、造血干细胞、骨髓间充质干细胞、视网膜干细胞和其他成体干细胞的研究进展,并对干细胞的组织工程学、人类胚胎干细胞研究及伦理问题进行了介绍。 |
| ● |
| 相关链接 |
|
|
|
|
正题名:干细胞理论与技术
索取号:Q24/29
 
预约/预借
| 序号 | 登录号 | 条形码 | 馆藏地/架位号 | 状态 | 备注 |
| 1 | 0523289 | 205232899 | 第二样本阅览室/ [索取号:Q24/29] | 在馆 | |
| 2 | 0523290 | 205232906 | 第三借阅区/ [索取号:Q24/29] | 在馆 | |
| 3 | 0523291 | 205232915 | 第三借阅区/ [索取号:Q24/29] | 在馆 | |
| 4 | 0523292 | 205232924 | 第三借阅区/ [索取号:Q24/29] | 在馆 | |
| 5 | 0523293 | 205232933 | 第三借阅区/ [索取号:Q24/29] | 在馆 | |
| 6 | 0523294 | 205232942 | 第三借阅区/ [索取号:Q24/29] | 在馆 | |
| 7 | 0523295 | 205232951 | 第三借阅区/ [索取号:Q24/29] | 在馆 | |
| 8 | 0523296 | 205232960 | 第三借阅区/ [索取号:Q24/29] | 在馆 |